<?xml version="1.0" encoding="UTF-8"?>
<record
    xmlns:xsi="http://www.w3.org/2001/XMLSchema-instance"
    xsi:schemaLocation="http://www.loc.gov/MARC21/slim http://www.loc.gov/standards/marcxml/schema/MARC21slim.xsd"
    xmlns="http://www.loc.gov/MARC21/slim">

  <leader>01673    a2200205   4500</leader>
  <controlfield tag="001">59025</controlfield>
  <controlfield tag="005">20260407155845.0</controlfield>
  <controlfield tag="008">260407a1956    arg                 spa d</controlfield>
  <controlfield tag="003">AR-UNSa-BCEJYS</controlfield>
  <datafield tag="040" ind1=" " ind2=" ">
    <subfield code="a">AR-UNSa-BCEJYS</subfield>
    <subfield code="b">spa</subfield>
    <subfield code="c">AR-UNSa-BCEJYS</subfield>
  </datafield>
  <datafield tag="080" ind1=" " ind2=" ">
    <subfield code="a">338.1</subfield>
    <subfield code="x">Situaci&#xF3;n econ&#xF3;mica. Ciclos. Desarrollo de la estructura econ&#xF3;mica</subfield>
  </datafield>
  <datafield tag="245" ind1="1" ind2="0">
    <subfield code="a">Din&#xE1;mica del ciclo econ&#xF3;mico</subfield>
    <subfield code="p">Estudio de las fluctuaciones econ&#xF3;micas</subfield>
  </datafield>
  <datafield tag="264" ind1=" " ind2="1">
    <subfield code="a">M&#xE9;xico :</subfield>
    <subfield code="b">Fondo de Cultura Econ&#xF3;mica</subfield>
    <subfield code="c">1956</subfield>
  </datafield>
  <datafield tag="300" ind1=" " ind2=" ">
    <subfield code="a">387 p.</subfield>
    <subfield code="c">22 cm.</subfield>
  </datafield>
  <datafield tag="505" ind1=" " ind2=" ">
    <subfield code="a">Parte I: Descripci&#xF3;n: 1. Introducci&#xF3;n: tipos de movimiento &#x2013; 2. Desarrollos a largo plazo &#x2013; 3. Interrupciones y cambios estructurales repentinos &#x2013; 4. Movimientos c&#xED;clicos &#x2013; 5. Fluctuaciones estacionales &#x2013; 6. Movimientos fortuitos &#x2013; 7. Diferencias entre pa&#xED;ses &#x2013; 8. Las fluctuaciones de los mercados individuales &#x2013; Parte II: La explicaci&#xF3;n de las fluctuaciones econ&#xF3;micas: 9. Est&#xE1;tica econ&#xF3;mica y din&#xE1;mica econ&#xF3;mica &#x2013; 10. El proceso del desarrollo a largo plazo &#x2013; 11. Periodos de guerra e inflaci&#xF3;n &#x2013; 12. Los grandes ciclos &#x2013; 13. Fluctuaciones del ciclo econ&#xF3;mico &#x2013; 14. Los movimientos c&#xED;clicos en los mercados individuales &#x2013; 15. Movimientos ex&#xF3;genos &#x2013; 16. Recapitulaci&#xF3;n te&#xF3;rica &#x2013; Parte III: Pol&#xED;tica antic&#xED;clica: 17. Objetivos de la pol&#xED;tica de tendencia y de la pol&#xED;tica antic&#xED;clica &#x2013; 18. Pol&#xED;ticas indirectas: Pol&#xED;tica impositiva &#x2013; 19. Pol&#xED;ticas indirectas: Otras formas &#x2013; 20. Pol&#xED;ticas directas: Pol&#xED;ticas de gasto &#x2013; 21. Pol&#xED;ticas directas: Otras formas</subfield>
  </datafield>
  <datafield tag="942" ind1=" " ind2=" ">
    <subfield code="c">BK</subfield>
  </datafield>
  <datafield tag="590" ind1=" " ind2=" ">
    <subfield code="a">niveau_biblio:m niveau_hierar:0</subfield>
  </datafield>
  <datafield tag="100" ind1="1" ind2=" ">
    <subfield code="a">Tinbergen, Jan</subfield>
  </datafield>
  <datafield tag="700" ind1="1" ind2=" ">
    <subfield code="a">Polak, J.J.</subfield>
  </datafield>
  <datafield tag="999" ind1=" " ind2=" ">
    <subfield code="c">6578</subfield>
    <subfield code="d">6578</subfield>
  </datafield>
  <datafield tag="952" ind1=" " ind2=" ">
    <subfield code="0">0</subfield>
    <subfield code="1">0</subfield>
    <subfield code="4">0</subfield>
    <subfield code="7">0</subfield>
    <subfield code="a">BCEJYS</subfield>
    <subfield code="b">BCEJYS</subfield>
    <subfield code="c">16</subfield>
    <subfield code="d">2026-04-07</subfield>
    <subfield code="l">0</subfield>
    <subfield code="o">338.1 T587</subfield>
    <subfield code="p">L20345</subfield>
    <subfield code="r">2026-04-07 15:58:45</subfield>
    <subfield code="w">2026-04-07</subfield>
    <subfield code="y">L</subfield>
  </datafield>
</record>
